书目信息 |
| 题名: |
美国透视基础简明教程
|
|
| 作者: | 奥维尔 著 ;梵非 译 | |
| 分册: | ||
| 出版信息: | 上海 上海人民美术出版社 2005 |
|
| 页数: | 86页 | |
| 开本: | 28cm | |
| 丛书名: | ||
| 单 册: | ||
| 中图分类: | J062 | |
| 科图分类: | ||
| 主题词: | 透视学 , 透视学--教材 | |
| 电子资源: | ||
| ISBN: | 7-5322-4349-4 | |
| 000 | 01063nam0 2200289 450 | |
| 001 | 002974447 | |
| 005 | 20061121151342.12 | |
| 010 | @a7-5322-4349-4@dCNY25.00 | |
| 100 | @a20050416d2005 em y0chiy0110 ea | |
| 101 | 1 | @achi@ceng |
| 102 | @aCN@b310000 | |
| 105 | @aa z 000yy | |
| 200 | 1 | @a美国透视基础简明教程@9mei guo tou shi ji chu jian ming jiao cheng@f(美)肯尼斯·W. 奥维尔(Kenneth W. Auvil)著@g梵非译 |
| 210 | @a上海@c上海人民美术出版社@d2005 | |
| 215 | @a86页@c图@d28cm | |
| 300 | @a美国艺术与设计专业品牌教材 | |
| 305 | @a麦格劳-希尔教育出版公司授权出版 据美国麦格劳-希尔教育出版公司英文第二版翻译。 | |
| 312 | @a封面英文题:Perspective drawing | |
| 330 | @a本书主要内容包括:概述、基础知识、水平平面和垂直平面中的边线、斜面、圆形、圆形和圆柱体、辅助图形——正方形、投影。 | |
| 510 | 1 | @aPerspective drawing@zeng |
| 606 | 0 | @a透视学 |
| 606 | 0 | @a透视学@j教材 |
| 690 | @aJ062@v4 | |
| 701 | 0 | @c(美)@a奥维尔@9ao wei er@c(Auvil, Kenneth W.)@4著 |
| 702 | 0 | @a梵非@9fan fei@4译 |
| 801 | 0 | @aCN@bNLC@c20061121 |
| 905 | @a10447@dJ062@e163 | |
| 美国透视基础简明教程/(美)肯尼斯·W. 奥维尔(Kenneth W. Auvil)著/梵非译.-上海:上海人民美术出版社,2005 |
| 86页:图;28cm |
| 美国艺术与设计专业品牌教材 |
| ISBN 7-5322-4349-4:CNY25.00 |
| 本书主要内容包括:概述、基础知识、水平平面和垂直平面中的边线、斜面、圆形、圆形和圆柱体、辅助图形——正方形、投影。 |
| ● |
| 相关链接 |
|
|
|
|
正题名:美国透视基础简明教程
索取号:J062/163
 
预约/预借
| 序号 | 登录号 | 条形码 | 馆藏地/架位号 | 状态 | 备注 |
| 1 | 0394168 | 203941681 | 第一样本阅览室/ [索取号:J062/163] | 在馆 | |
| 2 | 0394169 | 203941690 | 第一借阅区/ [索取号:J062/163] | 在馆 | |
| 3 | 0394170 | 203941707 | 第一借阅区/ [索取号:J062/163] | 在馆 | |
| 4 | 0394171 | 203941716 | 第一借阅区/ [索取号:J062/163] | 在馆 | |
| 5 | 0394172 | 203941725 | 第一借阅区/ [索取号:J062/163] | 在馆 |